| 000 | 00875nam a22002057a 4500 | ||
|---|---|---|---|
| 999 |
_c57579 _d57579 |
||
| 003 | Ge_BSU | ||
| 005 | 20200813133004.0 | ||
| 008 | 200806s2011 ge ||||| |||| 00| 0 geo d | ||
| 020 | _a9789941031526 | ||
| 041 | _ageo | ||
| 080 | _a004.42 რ-17 | ||
| 100 |
_aრაზმაძე, ს. _99122 |
||
| 245 |
_aMicrosoft World 2010 : _bსახელმძღვანელო / _cს. რაზმაძე; გარეკანის დიზაინერი გ. ავსაჯანიშვილი. |
||
| 264 |
_aთბილისი, _c2011. |
||
| 300 |
_a256 გვ. _bილ. _c23 სმ. |
||
| 653 | _aკომპიუტერული მეცნიერებანი | ||
| 653 | _aპროგრამირება | ||
| 700 |
_aავსაჯანიშვილი, გ. _eყდის დიზაინერი _99123 |
||
| 942 |
_2udc _cBK |
||